000
00307nam a22001337a 4500
008
171011b xxu||||| |||| 00| 0 eng d
020
_a
9780822316886
041
_a
eng
080
_a
316
100
_a
50
101
_a
SOC
245
_a
TROUBLED BODIES CRITICAL PERSPECTIVE
_c
PAUL.A
942
_2
udc
_c
BK
999
_c
33161
_d
33161